Ultimate Harry Potter Last Names Trivia - Statistics

General Stats
  • This quiz has been taken 1,517 times
  • The average score is 52 of 60
Answer Stats
Hint Answer % Correct
Severus Snape
99%
Cho Chang
98%
Luna Lovegood
98%
Ginevra Weasley
98%
Arthur Weasley
98%
Rose Weasley
98%
Hugo Weasley
98%
Ronald Weasley
98%
Harry Potter
97%
James Potter
97%
Lily Potter
97%
Salazar Slytherin
97%
Hermione Granger
96%
Helga Hufflepuff
96%
Rowena Ravenclaw
96%
Helena Ravenclaw
96%
Sirius Black
95%
Albus Dumbledore
95%
Alastor Moody
95%
Dolores Umbridge
95%
Lavender Brown
94%
Cornelius Fudge
94%
Godric Gryffindor
94%
Rubeus Hagrid
94%
Remus Lupin
94%
Tom Riddle
94%
Rita Skeeter
94%
Horace Slughorn
94%
Filius Flitwick
93%
Gilderoy Lockhart
93%
Dean Thomas
93%
Nymphadora Tonks
93%
Fleur Delacour
92%
Gabrielle Delacour
92%
Petunia Dursley
92%
Bellatrix Lestrange
92%
Narcissa Malfoy
92%
Oliver Wood
91%
Seamus Finnigan
89%
Minerva Mcgonagall
89%
Pansy Parkinson
88%
Amelia Bones
86%
Susan Bones
86%
Fenrir Greyback
86%
Bathilda Bagshot
85%
Bartemius Crouch
83%
Mundungus Fletcher
82%
Kingsley Shacklebolt
81%
Blaise Zabini
80%
Ludo Bagman
78%
Zacharias Smith
78%
Cormac Mclaggen
76%
Arabella Figg
66%
Stanley Shunpike
63%
Antonin Dolohov
62%
Rufus Scrimgeour
62%
Michael Corner
59%
Eileen Prince
55%
Pius Thicknesse
51%
Gwenog Jones
46%
No matching quizzes found
Score Distribution
Percent of People with Each Score
Percentile by Number Answered
Your Score History
You have not taken this quiz